000 00338pam a2200157 a 4500
020 _a0387988081
_c
041 _h
082 _a617.3
_bCHO
100 _aCHOW J.C.
245 _aADVANCED ANTHROSCOPY
_hTextual Documents
250 _a1.
260 _bSPRINGER
_c2001
300 _a741:
_bXXII;
_cHB.
930 _a5518
999 _c800045
_d800045
650 _aORTHO